000 00652nam a2200241Ia 4500
003 OSt
005 20221007101404.0
006 a|||||r|||| 00| 0
007 ta
008 221006b |||||||| |||| 00| 0 eng d
024 _a6,374
037 _cTextual
040 _aLCO
_cLCO
_beng
041 _2eng
_aeng
082 _aZ1N4, K9
100 _aYemin Edward
_9702923
245 0 _aLegislative Powers In the United Nations and Specialized Agencies
260 _aLeyden
_bA.W. Sijthoff Netherlands
_c1969
300 _a227
650 _aUNITED NATIONS
942 _hZ1N4, K9
_cTEXL
999 _c1175937
_d1175937